| 000 | 00455nam a2200181Ia 4500 | ||
|---|---|---|---|
| 001 | 21210 | ||
| 005 | 20260306172902.0 | ||
| 008 | 260306t2017||||xx |||||||||||||| ||spa|| | ||
| 041 | _aESP | ||
| 082 |
_a344.2 _bP45A |
||
| 100 |
_aPérez López, Jorge _eAUT |
||
| 245 | 0 | _aActos preparatorios, tentativa y consumación del delito | |
| 260 | _c2017 | ||
| 300 |
_a198 páginas : _c24 cm. |
||
| 650 | _aGEN | ||
| 654 | _aCDE | ||
| 942 |
_cLIB _dJUS _fJUS _2ddc _n |
||
| 999 |
_c21210 _d21210 |
||